Escritos de Santa Teresa. Añadidos e ilustrados por D. Vicente de la Fuente, catedrático de disciplina eclesiástica en la Universidad de Madrid

Furkejuvvon:
Bibliográfalaš dieđut
Váldodahkkit: Santa Teresa de Jesús (Dahkki), Cepeda y Ahumada, Teresa de (Dahkki)
Materiálatiipa: Girji
Giella:espánnjágiella
Almmustuhtton: Madrid Imprenta de los Sucesores de Hernando 1915
Preanttus:1a. ed
Ráidu:Biblioteca de Autores Españoles, LIII, LV
Fáttát:
Fáddágilkorat: Lasit fáddágilkoriid
Eai fáddágilkorat, Lasit vuosttaš fáddágilkora!

MARC

LEADER 00000nam a2200000 a 4500
001 UCJ7128
003 CL-VaPUC
008 070124e19150000SP |||||||||||||||||spa|d
082 0 4 |a 860  |b TER  |2 21 
100 0 |a Santa Teresa de Jesús  |e author  |9 313710 
700 0 |a Cepeda y Ahumada, Teresa de  |e author  |9 515162 
245 1 0 |a Escritos de Santa Teresa. Añadidos e ilustrados por D. Vicente de la Fuente, catedrático de disciplina eclesiástica en la Universidad de Madrid 
250 |a 1a. ed 
300 |a 2 v 
942 |c BK 
945 |d 20070124 00:00:00  |a rinostro 
260 |a Madrid  |b Imprenta de los Sucesores de Hernando  |c 1915 
500 |a 8§, pasta española.- Anteport.- v. en b.- Port. v. en b.- En biblioteca sólo v. 2 
650 0 |a Poesía española  |9 264938 
650 7 |a BIOGRAFIA  |2 CL-VaPUC  |9 504622 
650 0 |a Crítica literaria   |9 269189 
650 0 |a Correspondencia  |9 258963 
583 |a last modification  |c 20070124 00:00:00  |k Rodrigo Vera 
490 0 |a Biblioteca de Autores Españoles, LIII, LV 
999 |c 323228  |d 323226 
952 |0 0  |1 0  |4 0  |6 860_000000000000000_TER_1915  |7 0  |8 X  |9 402642  |a FDOBUD  |b FDOBUD  |d 2019-11-22  |h v.2  |i 1058940  |o 860 TER 1915  |p 1058940  |r 2019-11-22  |w 2019-11-22  |y BK_X  |k BUD